Every 100k+ City in the Pacific States on a Map - Statistics

General Stats
  • This quiz has been taken 637 times
    517 since last reset
  • The average score is 55 of 93
Answers on the Map
Answers color-coded by a green-red scale on the quiz's map according to % correct below.
 
Answer Stats
Population City % Correct
641,162 Portland
99%
733,919 Seattle
99%
288,121 Anchorage
98%
345,510 Honolulu
98%
815,201 San Francisco
97%
1,381,611 San Diego
96%
983,489 San Jose
96%
3,849,297 Los Angeles
95%
525,041 Sacramento
95%
433,823 Oakland
93%
544,510 Fresno
92%
229,071 Spokane
92%
177,723 Salem
91%
345,940 Anaheim
89%
407,615 Bakersfield
88%
456,062 Long Beach
88%
175,096 Eugene
87%
219,205 Tacoma
86%
317,261 Riverside
85%
222,203 San Bernardino
82%
322,120 Stockton
81%
192,169 Vancouver
80%
309,441 Santa Ana
78%
309,031 Irvine
76%
277,220 Chula Vista
74%
218,771 Modesto
70%
224,593 Santa Clarita
70%
201,879 Oxnard
69%
117,145 Berkeley
68%
149,440 Bellevue
67%
227,514 Fremont
66%
137,264 Orange
66%
196,652 Huntington Beach
65%
127,151 Santa Clara
64%
135,732 Pasadena
63%
105,905 Spokane Valley
63%
176,938 Santa Rosa
62%
102,059 Bend
61%
105,401 Burbank
61%
110,812 Everett
58%
172,982 Oceanside
58%
177,963 Ontario
57%
170,150 Lancaster
55%
175,142 Rancho Cucamonga
55%
211,600 Moreno Valley
54%
162,791 Salinas
54%
125,754 Thousand Oaks
54%
109,925 Ventura
54%
143,600 Torrance
53%
210,761 Fontana
52%
102,338 Chico
51%
159,743 Corona
51%
102,200 San Mateo
51%
109,711 Santa Maria
51%
105,181 Inglewood
50%
142,978 Visalia
50%
178,997 Elk Grove
49%
192,366 Glendale
49%
134,835 Kent
49%
148,338 Pomona
49%
165,761 Palmdale
48%
101,243 Daly City
46%
141,874 Fullerton
46%
150,665 Escondido
44%
152,258 Sunnyvale
44%
170,488 Garden Grove
43%
159,827 Hayward
43%
115,639 Richmond
43%
124,886 Vallejo
43%
113,103 Gresham
42%
151,901 Roseville
42%
115,302 Carlsbad
41%
125,975 Simi Valley
40%
135,950 Victorville
40%
124,074 Concord
38%
106,633 Hillsboro
38%
105,179 Renton
38%
110,846 Temecula
37%
114,794 Antioch
35%
105,432 El Cajon
35%
106,907 El Monte
35%
122,989 Clovis
34%
107,017 West Covina
33%
110,750 Costa Mesa
32%
106,941 Jurupa Valley
32%
111,645 Downey
31%
103,078 Vacaville
31%
112,991 Murrieta
30%
104,394 Rialto
29%
119,705 Fairfield
28%
100,373 Norwalk
27%
100,971 Hesperia
26%
106,401 Menifee
23%
No matching quizzes found
Score Distribution
Percent of People with Each Score
Percentile by Number Answered
Your Score History
You have not taken this quiz since the last reset